Red Queen Characters - Statistics

General Stats
  • This quiz has been taken 438 times
  • The average score is 16 of 54
Answer Stats
Hint Answer % Correct
Prince of Norta and Main Character's love interest Cal
99%
Main Character (Female) Mare Barrow/Mareena Titanos
98%
Main Character's Fiance Maven Calore
95%
Main Character's Third Sibling (Newblood) Shade Barrow
83%
A Captain of the Scarlet Guard Farley Diana
74%
Prince of Norta's Fiance Evangeline Samos
73%
Main Character's Best Friend Kilorn Warren
73%
Queen of Norta Elara Merandus
72%
Main Character's sister Gisa Barrow
68%
Main Character's Oldest Sibling Bree Barrow
63%
Main Character's Second Sibling Tramy Barrow
61%
Brother of ^ & Uncle to #2 Julian Jacos
60%
Skin Healer and lover of ^ Sara Skonos
55%
Brother of Cal's Fiancee Ptolemus Samos
49%
A shadow girl from House of Haven Elane
48%
Old man from the Stilts with a wagon Will Whistle
44%
Former Singer Queen of Norta (#2's Mother) Coriane Jacos
43%
Main Character's Officer (cousin of ^) Lucas Samos
38%
Father of Main Character Daniel Barrow
34%
Mother of Main Character Ruth Barrow
33%
A Royal Servant, a member of the Scarlet Guard Walsh Ann
33%
Silver (whisperer) from the capital Samson Merandus
31%
Head of House Samos Volo Samos
31%
Training Instructor and Silencer Rane Arven
29%
A silk girl from House of Iral Sonya
26%
King of Norta Tiberias Calore VI
23%
A friend of #3, 17 year old Red from the frozen north Thomas
22%
One of Farley's Lieutenants Tristan
15%
Blood healer of House of Blonos Lady Blonos
14%
One of the executioners (nymph) Lord Osanos
11%
General of Iron Legion Ethan Titanos
10%
Wind weaver Boy Oliver
10%
Strong-arm girl in Queenstrial Rohr Rhambos
10%
Green warden girl in Queenstrial Heron Welle
7%
The Animos girl in Queenstrial House of Viper Atara
6%
target of the Scarlet Guard, ambassador to Piedmont Belicos Lerolan
6%
Head of House Iral (The Panther) Lady Ara
6%
a nymph from House Osanos Tirana
6%
A Silver (strong-arm) from Harbor Bay in the east Cantos Carros
5%
Head of war council, target of the Scarlet Guard Colonel Ellyn Macanthos
5%
Shiver Sentinel involved in Farley's torture Sentinel Gliacon
5%
short but muscular eighteen year old eye Andros Eagrie
4%
Telky who arranges arena for Queenstrial Lord Provos
3%
a target of the Scarlet Guard, financial advisor Reynald Iral
3%
^ Telky Assistant Theo
3%
a stoneskin girl Cyrine Macanthos
2%
Tore men in half and ate their livers Great Greco
2%
Wife of General of Iron Legion Lady Nora Noelle Titanos
2%
"Overseer" of airfield incident Lord General Laris
2%
Animos of House Viper Poison Bride
2%
Another Sentinel Sentinel/Captain Tyros
2%
Sentinel with Pig-Eyes Sentinel Pig-Eyes
2%
One of the executioners (shadow) Stralian
2%
A leader of the Scarlet Guard Holland
1%
No matching quizzes found
Score Distribution
Percent of People with Each Score
Percentile by Number Answered
Your Score History
You have not taken this quiz